| 000 | 00636nam a2200205 i 4500 | ||
|---|---|---|---|
| 001 | 26857 | ||
| 003 | ES-MaACL | ||
| 005 | 20230906153519.0 | ||
| 007 | t| | ||
| 008 | 030110s1957 es ||||1| spa d | ||
| 100 | 1 |
_aAvila, Julio Enrique. _924046 |
|
| 245 | 1 | 3 |
_aEl mundo de mi jardín _b: aguas fuertes, motivos, cuentos ... / _cJulio Enrique Avila. |
| 250 | _a4ª ed. | ||
| 260 |
_aSan Salvador : _bMinisterio de Cultura, Departamento Editorial, _c[1957] |
||
| 300 |
_a169 p. ; _c18 cm. |
||
| 490 | 1 | _aBiblioteca popular | |
| 830 | 0 |
_aBiblioteca popular _9181768 |
|
| 852 |
_aES-MaACL _jC-14524 _bR.41919 |
||
| 999 |
_c26857 _d26857 |
||